| 000 | 00578nam a2200229 a 4500 | ||
|---|---|---|---|
| 999 |
_c5167 _d5167 |
||
| 001 | 5167 | ||
| 003 | BD-JhCC | ||
| 005 | 20171210091403.0 | ||
| 008 | 171210s1964 ru |||| || | 001 0 eng d | ||
| 035 | _a(BD-JhCC)5167 | ||
| 040 |
_aBD-JhCC _dBD-JhCC |
||
| 041 | _aeng | ||
| 082 |
_a335.4 _bMAR 1964 |
||
| 100 | _aMarx, Farl | ||
| 245 |
_aThe German Ideology / _cFarl Marx, & Frederick Engels |
||
| 260 |
_aMoscow : _bProgress Publishers, _c1964. |
||
| 300 |
_a736 p. : _c20 cm. |
||
| 650 | _aSocialism | ||
| 700 | _aEngels, Frederick | ||
| 942 |
_2ddc _cBK |
||